Mary - Alex G - Statistics

General Stats
  • This quiz has been taken 31 times
  • The average score is 103 of 123
Answer Stats
Answer % Correct
and
100%
big
100%
eyes
100%
fuck
100%
girl
100%
got
100%
i
100%
is
100%
leather
100%
lips
100%
Mary
100%
only
100%
she
100%
She
100%
shes
100%
that
100%
the
100%
wanna
100%
fat
95%
hips
95%
kiss
95%
love
95%
red
95%
hear
91%
sharp
91%
teeth
91%
heart
86%
to
86%
gloves
82%
you
82%
am
77%
are
77%
leaves
77%
not
77%
rot
73%
says
73%
me
68%
my
68%
real
68%
baby
64%
dont
64%
your
64%
it
59%
with
59%
give
55%
mind
55%
sing
55%
time
55%
be
50%
waste
50%
along
45%
daddy
45%
feel
45%
good
45%
Listen
45%
should
45%
for
41%
think
41%
whatever
41%
play
36%
song
36%
No matching quizzes found
Score Distribution
Percent of People with Each Score
Percentile by Number Answered
Your Score History
You have not taken this quiz